Statistics for FIFA Confederations Map

Click here to take the quiz!

General Stats

  • This quiz has been taken 76 times
  • The average score is 5 of 6

Answer Stats

Year Answer % Correct
1954UEFA
100%
1961CONCACAF
92%
1916CONMEBOL
83%
1954AFC
81%
1957CAF
81%
1966OFC
77%

Score Distribution

Percentile by Number Answered

Percent of People with Each Score

Your Score History

You have not taken this quiz